000 00542nam a2200181Ia 4500
003 GCL
008 140319s9999 xx 000 0 ara d
040 _aGCL /
_cGCL
082 0 4 _a956.903
_bم ن
100 1 _aمحمد سرحان
245 1 0 _aالنظام العثمانى: الهجرة اليهودية إلى فلسطين 1492 - 1952 /
_cمحمد سرحان
300 _a128
490 _a100 قصة
_v0
650 0 4 _aاليهودية
650 0 4 _aالصهيونية
650 0 4 _aاليهودية والدولة
942 _2ddc
_cBK
999 _c43753
_d43753